| 000 | 00647nam a2200205 a 4500 | ||
|---|---|---|---|
| 001 | 000047573 | ||
| 003 | DO-SdBNP | ||
| 005 | 20230412121545.0 | ||
| 008 | 091202t2017 dr 000 f spa d | ||
| 020 | _a9789945609257 | ||
| 040 |
_aDO-SdBNP _bspa _cBNPHU |
||
| 082 |
_axxx _bxxxx |
||
| 100 |
_aGautier, Manuel Salvador, _d1930-2021 _929016 |
||
| 245 | 1 | 3 |
_aEl pacto de los generales : _bla revolución de Moya / _cManuel Salvador Gautier. |
| 260 |
_aSanto Domingo : _bSantuario, _c2017. |
||
| 300 |
_a340 p. ; _c24 cm. |
||
| 500 | _aIncluye datos biográficos del autor en las solapas. | ||
| 590 | _aInventariado, 2018/ YL | ||
| 942 |
_2ddc _cLBS1 |
||
| 999 |
_c47061 _d47061 |
||